[Event "Thueringen-ch HT"]
[Site "Finsterbergen"]
[Date "2000.04.23"]
[Round "8"]
[White "Baecher, Reinhard"]
[Black "Krug, Klaus Peter"]
[Result "0-1"]
[WhiteElo "1953"]
[BlackElo "1931"]
[PlyCount "100"]
[EventDate "2000.05.??"]
[EventType "swiss"]
[EventRounds "9"]
[EventCountry "GER"]
[SourceTitle "EXT 2005"]
[Source "ChessBase"]
[SourceDate "2004.11.15"]
[SourceVersion "1"]
[SourceVersionDate "2004.11.15"]
[SourceQuality "1"]

1. e4 c5 2. Nf3 d6 3. Bb5+ Nc6 4. c4 a6 5. Ba4 Bd7 6. 0-0 e5 7. Nc3 Nge7 8. d3 Qc7 9. h3 f6 10. a3 g5 11. Rb1 h5 12. Nh2 Nd4 13. Bxd7+ Qxd7 14. Be3 Ne6 15. b4 Kf7 16. Na4 Rd8 17. bxc5 dxc5 18. Nxc5 Nxc5 19. Bxc5 Qxd3 20. Qxd3 Rxd3 21. Rxb7 Rc3 22. f3 Rxc4 23. Bb4 Ke6 24. Rb1 Nc6 25. Bxf8 Rxf8 26. R1b6 Rd8 27. Rb1 Rd3 28. Nf1 h4 29. R7b3 Rxb3 30. Rxb3 Na5 31. Rd3 Rc1 32. Kf2 Nc4 33. Ne3 Nxe3 34. Kxe3 a5 35. Rd8 Rb1 36. Rd2 Ra1 37. Rd3 Ra2 38. Rb3 Kd7 39. Rd3+ Kc6 40. Rb3 Kc5 41. Rc3+ Kb5 42. Rd3 Kc4 43. Rd6 Rxg2 44. Rxf6 Ra2 45. Rf5 Rxa3+ 46. Kf2 Kd4 47. Rxg5 Ra2+ 48. Kg1 a4 49. Rh5 a3 50. Rxh4 Rb2 0-1

[Event "Thueringen-ch HT"]
[Site "Finsterbergen"]
[Date "2000.04.20"]
[Round "2"]
[White "Kreutzmann, Henry"]
[Black "Krug, Klaus Peter"]
[Result "0-1"]
[WhiteElo "1710"]
[BlackElo "1931"]
[PlyCount "70"]
[EventDate "2000.05.??"]
[EventType "swiss"]
[EventRounds "9"]
[EventCountry "GER"]
[SourceTitle "EXT 2005"]
[Source "ChessBase"]
[SourceDate "2004.11.15"]
[SourceVersion "1"]
[SourceVersionDate "2004.11.15"]
[SourceQuality "1"]

1. e4 c5 2. Nf3 e6 3. d4 cxd4 4. Nxd4 a6 5. Nc3 Nf6 6. e5 Ng8 7. f4 d5 8. Be2 b5 9. 0-0 Qb6 10. Kh1 Nc6 11. Nxc6 Qxc6 12. f5 Ne7 13. fxe6 Bxe6 14. Bg5 b4 15. Nb1 Ng6 16. Bg4 Nxe5 17. Bxe6 Qxe6 18. Re1 Bd6 19. Bf4 0-0 20. Qd4 Nf3 21. Rxe6 Nxd4 22. Rxd6 Nxc2 23. Rxd5 Nxa1 24. Nd2 Rad8 25. Ra5 Rfe8 26. h3 f6 27. Rxa6 g5 28. Bd6 Nc2 29. Nc4 Ra8 30. Rxa8 Rxa8 31. a3 b3 32. Nb6 Ra6 33. Bc5 Kf7 34. Kg1 Nxa3 35. Nd7 Nc4 0-1

[Event "Thueringen-ch HT"]
[Site "Finsterbergen"]
[Date "2000.04.19"]
[Round "1"]
[White "Krug, Klaus Peter"]
[Black "Lange, Corinna"]
[Result "0-1"]
[WhiteElo "1931"]
[BlackElo "1747"]
[PlyCount "120"]
[EventDate "2000.05.??"]
[EventType "swiss"]
[EventRounds "9"]
[EventCountry "GER"]
[SourceTitle "EXT 2005"]
[Source "ChessBase"]
[SourceDate "2004.11.15"]
[SourceVersion "1"]
[SourceVersionDate "2004.11.15"]
[SourceQuality "1"]

1. d4 d5 2. c4 e6 3. Nc3 f5 4. Nf3 Nf6 5. Bg5 Be7 6. h4 Nbd7 7. Qc2 0-0 8. Nd2 c6 9. e3 Ng4 10. Bxe7 Qxe7 11. Be2 Ndf6 12. Nd1 e5 13. f3 Nh6 14. Qc3 exd4 15. Qxd4 Re8 16. cxd5 cxd5 17. Kf2 Be6 18. Nc3 a6 19. Rae1 Rad8 20. Bd1 Qc7 21. Bb3 Kh8 22. Ne2 Bf7 23. Nf4 Nh5 24. Nb1 Ng8 25. Nxh5 Bxh5 26. Nc3 Bf7 27. h5 h6 28. Rh3 Nf6 29. Reh1 Re7 30. Rg3 Rde8 31. Nd1 f4 32. Rgh3 fxe3+ 33. Ke2 Qe5 34. Qxe5 Rxe5 35. g4 Kg8 36. Re1 d4 37. Bxf7+ Kxf7 38. Kd3 Rd8 39. Rh2 Re7 40. Rc2 Nd5 41. Rc5 b6 42. Rxd5 Rxd5 43. b3 Rc7 44. Nb2 b5 45. Ke4 Rd8 46. Nd3 Kf6 47. f4 a5 48. Rg1 Rc2 49. g5+ hxg5 50. fxg5+ Kf7 51. g6+ Kg8 52. Ne5 Rd2 53. h6 gxh6 54. Nf7 Re8+ 55. Kd5 Kg7 56. Kc5 e2 57. Nd6 Re5+ 58. Kc6 e1Q 59. Nf5+ Kf6 60. Rxe1 Rxe1 0-1